000 00679nam a2200241Ia 4500
003 OSt
005 20220926012019.0
006 a|||||r|||| 00| 0
007 ta
008 220923b |||||||| |||| 00| 0 eng d
037 _cGeneral Book
040 _aRTL
_cRTL
_beng
041 _2eng
_aeng
082 _aY31:6.212.N6, K5
100 _aAiyappan A
_979518
245 0 _aSocial revolution in a Kerala village
_b A study in
260 _aNew York
_bAsia
_c1965
300 _ax, 183p
_ccm.
500 _aAppendix: P 178
650 _aRural Social Change
_9232348
942 _hY31:6.212.N6, K5
_cGB
_2CC
999 _c621536
_d621536